Are You Too Dumb To Live #2 - Statistics

General Stats
  • This quiz has been taken 1,594 times
  • The average score is 17 of 17
Answer Stats
Question Choices Answer % Correct
The best way to predict the future is a) educated guesswork based on research and a solid understanding of history, b) studying two-thousand year old scribblings of uneducated desert nomads, c) tarot cards, d) Astrology, e) the psychic hotline A
100%
The field of cryptozoology has led to the discovery of a) nothing important, b) BigFoot, c) the Loch Ness monster, d) chupacabra A
100%
World Trade Center 7 was destroyed by a) a combination of structural damage from falling debris and fire, b) a controlled demolition, c) time traveling Zionist leprechauns A
100%
The Earth is how old a) about 4.5 billion years, b) about 5,000 years, c) about 10,000 years A
99%
Anthropogenic global warming and climate change is a) supported by an overwhelming majority of all scientific research, b) a vast Leftist conspiracy to destroy the industry of the United States and bring down the West, c) a scheme to make money on solar panels, wind turbines, and documentaries featuring Al Gore A
99%
All Muslims are a) Muslims, b) terrorists, c) pedarests, d) violent, e) Arabs, f) misogynists A
99%
The Pentagon on Sept 11, 2001 was hit by a) a commercial jet liner, b) a missle, c) a government drone, d) rocket-propelled unicorns A
99%
Speciation through Natural Selection (Evolution) is a) a Scientific Theory so amply supported by all available evidence that biologists treat it as fact, b) "just a theory" i.e. a guess- completely different from a Scientific Theory, c) a conspiracy by Atheists meant to discredit religion, d) lies from the pit of Hell A
99%
Americans are a) people much like any other, b) evil imperialists, c) under the thumb of a Zionist cabal, d) exceptionally stupid, ignorant, or uneducated, e) exceptionally racist, f) less informed than the average person about matters that do not concern them directly A
99%
Knowledge of modern science and/or current events can be found in this ancient text: a) none of the below, b) The Bible, c) The Koran, d) the Torah, e) the Adharva Veda f) the works of Nostradamus A
99%
Numerology is a) complete and utter nonsense, b) the key to finding hidden meaningful information in everything A
99%
The Rothschilds a) were a wealthy Jewish banking family, b) worked with Hitler to fabricate the Holocaust, c) instigated World War 2 to profit from it, d) control several governements in Europe, e) some combination of the above A
99%
The best way to treat an illness is a) modern Western medicine, b) Homeopathy, c) prayer, d) blood-letting, e) power crystals, f) magnets, g) spinal alignment, h) ground tiger testicle, i) laughter, j) acupuncture, k) fasting or a toxin flush A
99%
Atheism is a) a position on a single question, b) a religion, c) selfish people just trying to fool themselves, d) a militant political ideology e) a Statist plot, f) Satanic A
99%
Osama bin Laden was a) A Saudi national, Muslim jihadist, and terrorist largely responsible for 9/11 and other attacks killed by Navy SEALS in Pakistan, b) a CIA operative, c) Jewish, d) made-up, e) killed long before May 2, 2011, f) never killed at all A
99%
Race is a) an almost farcical, largely useless, near completely arbitrary social construct, b) best put into the three categories of White Black and Asian, c) a sound method of dividing up people for the purpose of creating prosperous societies and avoiding miscegenation. A
99%
The best country is a) none of the below, b) America, c) Australia, d) the United Kingdom, e) Thailand, f) France E
93%
No matching quizzes found
Score Distribution
Percent of People with Each Score
Percentile by Number Answered
Your Score History
You have not taken this quiz